[Event "Titled Tuesday intern op 25th Jun Early"]
[Site "Chess.com INT"]
[Date "2024.06.25"]
[Round "8"]
[White "Mrithyunjay, Mahadevan"]
[Black "Teterev, Vitaly"]
[Result "0-1"]
[WhiteElo "1867"]
[BlackElo "2257"]
[PlyCount "146"]
[EventDate "2024.06.25"]
[EventType "swiss (blitz)"]
[EventRounds "11"]
[EventCountry "USA"]
[SourceTitle "EXT 2025"]
[Source "ChessBase"]
[SourceDate "2024.10.14"]
[SourceVersion "1"]
[SourceVersionDate "2024.10.14"]
[SourceQuality "1"]

1. e4 c5 2. Nf3 e6 3. g3 Nc6 4. Bg2 Nf6 5. Qe2 e5 6. 0-0 Be7 7. c3 d6 8. Rd1 0-0 9. d4 Qc7 10. d5 Nb8 11. h3 Nbd7 12. a4 b6 13. Na3 a6 14. b4 g6 15. Bh6 Re8 16. Rac1 Bf8 17. Bxf8 Nxf8 18. g4 h6 19. Qe3 Kg7 20. Nd2 g5 21. Nac4 Bd7 22. a5 b5 23. Nb6 c4 24. Nxa8 Rxa8 25. f3 Rb8 26. Nf1 Ng6 27. Ng3 Nf4 28. Bf1 Ng8 29. Rc2 Ne7 30. Rh2 Neg6 31. Qf2 Rb7 32. Rd2 Qd8 33. Ne2 Nxe2+ 34. Qxe2 Qf6 35. Qe3 Nh4 36. Rdf2 Kg6 37. Be2 Bc8 38. Bd1 Kg7 39. Rf1 Bd7 40. Rhf2 Be8 41. Qd2 Bd7 42. Qe1 Ng6 43. Rh2 h5 44. gxh5 Nf4 45. h4 Rb8 46. Qg3 Nxh5 47. Qxg5+ Qxg5+ 48. hxg5 Kg6 49. Rxh5 Kxh5 50. f4+ Kg6 51. fxe5 dxe5 52. Rf6+ Kxg5 53. Rxf7 Rd8 54. Bf3 Kg6 55. Re7 Kf6 56. d6 Be6 57. Ra7 Rxd6 58. Kf2 Kg5 59. Kg3 Bc8 60. Ra8 Bd7 61. Rd8 Kf6 62. Kf2 Ke7 63. Ra8 Be6 64. Be2 Kd7 65. Ke3 Kc7 66. Re8 Kd7 67. Rh8 Ke7 68. Rh7+ Kf6 69. Rh6+ Kg7 70. Rh5 Kf6 71. Rh8 Bd7 72. Ra8 Ke7 73. Ra7 Kd8 0-1